Datum a čas kvízu
20
Celkem bodů
Celkový počet nahraných bodů na tomto kvízu bez doplňovacích otázek.
3.
Pořadí na kvízu
Konečné umístění týmu na tomto kvízu.
Zaznamenané odpovědi
| # | Otázka | Odpověď | Body | Výsledky |
|---|---|---|---|---|
| 1. | Centrum alternativní medicíny... | AKTIP | 0 | |
| 2. | Prezident Umar al-Bašír pod tl... | v Súdánu | 0 | |
| 3. | Deset koncertů a dost! Jak se... | Spirituál kvintet | 1 | |
| 4. | Strakonická firma, specializuj... | Moira | 1 | |
| 5. | Bývalý kapitán reprezentace On... | ve volejbale | 0 | |
| 6. | V tomto tématu se podíváme na... | Všechno bude, Zelená kniha | 0 | |
| 5. | V roce 1984 natočil režisér Wi... | Paříž, Texas | 0 | |
| 8. | Komediální road movie Pařba ve... | Vo štvorici po opici | 1 | |
| 5. | Road movie, v níž se dva bratř... | Charlie, Raymond | 0 | |
| 10. | Jistou formou road movies jsou... | v Argentině | 0 |